000 00646aas a2200193 4500
999 _c54506
_d54506
001 768714001
003 CO-MdFUSB
005 20170828154406.0
008 170828s2003 xxu||||| |||| 00| 0 eng d
022 _a0120-3649
040 _aCO-MdFUSB
_bspa
_cCO-MdFUSB
_dCO-MdFUSB
041 _aeng
100 1 _aKeall, Edward J.
_eautor
245 1 0 _aBrother of Jesus ossuary :
_bnew tests bolster case for authenticity
300 _aVolumen 29. Número 4 (2003), páginas 52-55
_c: 28 cm.
546 _aTexto en inglés
773 0 _tBiblical Archaeology Review
_049395
_959456
_gVolumen 29. Número 4 (2003), páginas 52-55
_qPáginas 52
942 _cANA